000
00252nam a22000977a 4500
999
_c
11787
_d
11787
008
200217b ||||| |||| 00| 0 eng d
020
_a
9780545219860
100
_a
Sander Sonia
_9
7470
245
_a
Ready for Takeoff
260
_a
Scholastic
_b
Scholastic
_c
2011